|
|
|
|
| LEADER |
00000nab a2200000 a 4500 |
| 001 |
vtls001487920 |
| 003 |
SK-MaSNL |
| 005 |
20260305003313.0 |
| 008 |
250505t2003 xo b ||ab ||| ||slo |
| 015 |
|
|
|a SNBRA2005/01
|2 snkbucl
|
| 035 |
|
|
|a (uuid)b5b7a2dc-f7cd-4531-833c-cd888cd13e76
|
| 035 |
|
|
|a urn:nbn:sk:snk-abtup
|
| 035 |
|
|
|a (urnnbn)urn:nbn:sk:snk:ar-a03xsy
|
| 038 |
|
|
|a SNKBUCL
|
| 040 |
|
|
|a SNKBUCL
|b slo
|c SNKBUCL
|e AACR2
|
| 041 |
0 |
|
|a slo
|b ger
|
| 044 |
|
|
|a xo
|c SK
|
| 080 |
|
|
|a 903.3/.4
|x (437.6)
|x "636"
|2 1997
|
| 080 |
|
|
|a 902.2
|x (437.6)
|2 1997
|
| 080 |
|
|
|a 904(437.6)
|2 1997
|
| 100 |
1 |
|
|a Horváthová, Eva
|c (archeologička)
|4 aut
|9 174780
|
| 245 |
1 |
0 |
|a Záchranný výskum v Brehove
|c Eva Horváthová
|
| 300 |
|
|
|a Mp. a tab. na s. 12-21, obr. na s. 182-183
|
| 504 |
|
|
|a Bibliogr. odkazy
|
| 546 |
|
|
|a Res. nem.
|
| 650 |
0 |
7 |
|a sídliská (archeológia)
|2 snkbucl
|9 67918
|
| 650 |
0 |
7 |
|a badenská kultúra
|2 snkbucl
|9 98208
|
| 650 |
0 |
7 |
|a stredovek
|2 snkbucl
|9 4259
|
| 650 |
0 |
7 |
|a archeologické výskumy
|2 snkbucl
|9 74796
|
| 650 |
0 |
7 |
|a eneolit
|2 snkbucl
|9 30423
|
| 651 |
|
7 |
|a Brehov (Slovensko)
|2 snkbucl
|9 26421
|
| 773 |
0 |
|
|t Archeologické výskumy a nálezy na Slovensku v roku 2002
|d Nitra : Archeologický ústav Slovenskej akadémie vied, 2003
|g S. 54-55
|x 0231-925X
|z 8088709652
|
| 850 |
|
|
|a Slovenská národná knižnica
|
| 852 |
|
|
|a Slovenská národná knižnica
|
| 954 |
|
|
|a odborná, vedecká literatúra pôvodná (slovenská)
|2 lita
|
| 958 |
|
|
|a article2022
|
| 958 |
|
|
|a NB
|
| 958 |
|
|
|a OND
|
| 958 |
|
|
|a EUIPO
|
| 999 |
|
|
|c 3229721
|d 3231651
|